00333cam a22001097a 4500008004000000082001900040245006800059260003800127300000900165650003000174700001900204180718b1961 xxu||||| |||| 00| 0 eng d aP4121x5411 N35 aAssam's language question: a symposiumcedited by Maheswar Neog aJorhatbAssam Sahitya Sabhac1961 a61p. aLanguages - India - Assam aNeog, Maheswar